Sir William Jones: a study in eighteenth-century British attitudes to India/ (Record no. 18483)
[ view plain ]
| 000 -LEADER | |
|---|---|
| fixed length control field | 01107cam a22003251 4500 |
| 001 - CONTROL NUMBER | |
| control field | 1702569 |
| 003 - CONTROL NUMBER IDENTIFIER | |
| control field | BDDh-ASL |
| 005 - DATE AND TIME OF LATEST TRANSACTION | |
| control field | 20231015025717.0 |
| 008 - FIXED-LENGTH DATA ELEMENTS--GENERAL INFORMATION | |
| fixed length control field | 700820s1968 enkacfh b 000 0 eng |
| 010 ## - LIBRARY OF CONGRESS CONTROL NUMBER | |
| LC control number | 68010689 |
| 015 ## - NATIONAL BIBLIOGRAPHY NUMBER | |
| National bibliography number | B68-07267 |
| 020 ## - INTERNATIONAL STANDARD BOOK NUMBER | |
| International Standard Book Number | 0521057779 |
| 040 ## - CATALOGING SOURCE | |
| Original cataloging agency | DLC |
| Transcribing agency | DLC |
| Modifying agency | BDDh-ASL |
| 043 ## - GEOGRAPHIC AREA CODE | |
| Geographic area code | a-ii--- |
| -- | e-uk--- |
| 050 00 - LIBRARY OF CONGRESS CALL NUMBER | |
| Classification number | PK109.J6 |
| Item number | M8 |
| 082 00 - DEWEY DECIMAL CLASSIFICATION NUMBER | |
| Classification number | 929.7 |
| Item number | MUS |
| 100 1# - MAIN ENTRY--PERSONAL NAME | |
| Personal name | Mukherjee, S. N. |
| Fuller form of name | (Soumyendra Nath) |
| 245 10 - TITLE STATEMENT | |
| Title | Sir William Jones: a study in eighteenth-century British attitudes to India/ |
| Statement of responsibility, etc. | by S. N. Mukherjee. |
| 260 ## - PUBLICATION, DISTRIBUTION, ETC. | |
| Place of publication, distribution, etc. | London: |
| Name of publisher, distributor, etc. | Cambridge U.P., |
| Date of publication, distribution, etc. | 1968. |
| 300 ## - PHYSICAL DESCRIPTION | |
| Extent | viii, 199 p. : |
| Other physical details | 3 plates, illus., facsims., 2 ports. ; |
| Dimensions | 23 cm. |
| 350 ## - PRICE (NR) (BK AM CF MU VM SE) [OBSOLETE] | |
| Price | 50/- |
| 440 #0 - SERIES STATEMENT/ADDED ENTRY--TITLE | |
| Title | Cambridge South Asian studies, |
| Volume/sequential designation | 6 |
| 504 ## - BIBLIOGRAPHY, ETC. NOTE | |
| Bibliography, etc. note | Bibliography: p. 179-194. |
| 600 10 - SUBJECT ADDED ENTRY--PERSONAL NAME | |
| Personal name | Jones, William, |
| Dates associated with a name | 1746-1794. |
| 650 #0 - SUBJECT ADDED ENTRY--TOPICAL TERM | |
| Topical term or geographic name entry element | Indologists |
| Geographic subdivision | Great Britain |
| General subdivision | Biography. |
| 650 #0 - SUBJECT ADDED ENTRY--TOPICAL TERM | |
| Topical term or geographic name entry element | Sanskritists |
| Geographic subdivision | Great Britain |
| General subdivision | Biography. |
| 651 #0 - SUBJECT ADDED ENTRY--GEOGRAPHIC NAME | |
| Geographic name | India |
| General subdivision | Study and teaching |
| Geographic subdivision | Great Britain |
| General subdivision | History |
| Chronological subdivision | 18th century. |
| 906 ## - LOCAL DATA ELEMENT F, LDF (RLIN) | |
| a | 7 |
| b | cbc |
| c | orignew |
| d | u |
| e | ncip |
| f | 19 |
| g | y-gencatlg |
| 942 ## - ADDED ENTRY ELEMENTS (KOHA) | |
| Source of classification or shelving scheme | Dewey Decimal Classification |
| Koha item type | Books |
| Withdrawn status | Lost status | Source of classification or shelving scheme | Damaged status | Not for loan | Collection code | Home library | Current library | Shelving location | Date acquired | Source of acquisition | Total Checkouts | Full call number | Barcode | Date last seen | Copy number | Price effective from | Koha item type | Public note |
|---|---|---|---|---|---|---|---|---|---|---|---|---|---|---|---|---|---|---|
| Dewey Decimal Classification | Not For Loan | Non-fiction | Asiatic Society Library | Asiatic Society Library | Harrison Collection | 10/11/2020 | Donated by Prof. John B. Harrison | 929.7 MUS | 101674 | 10/11/2020 | C-1 | 10/11/2020 | Books | RARE | ||||
| Dewey Decimal Classification | Non-fiction | Asiatic Society Library | Asiatic Society Library | General Stacks | 03/08/2021 | Complementary | 929.7 MUS | 107254 | 03/08/2021 | C-2 | 03/08/2021 | Books | RARE |